History Quiz

Random History or TV Show Quiz
Score 0/20 Timer 06:00
0 Plays Today
% Correct
World War II
94.3%
Depression
94.2%
Roman
92.9%
Vietnam
92.3%
Civil War
92.3%
Bonnie and Clyde
89.5%
Tyrannosaurus Rex
88.8%
Henry VIII
87%
Michelangelo
86.3%
Joan of Arc
85.4%
% Correct
Vikings
85.2%
Mayflower
84.3%
Wolfgang Amadeus Mozart
80.2%
Cave Paintings
79.5%
Maya
78.7%
Bounty
75.7%
Lewis and Clark
72.8%
Spanish Armada
72.6%
Sex Pistols
70.7%
Theodore Roosevelt
68.1%
Remove Ads.
Support Sporcle.
Get the best of Sporcle when you Go Orange. This ad-free experience offers more features, more stats, and more fun while also helping to support Sporcle. Thank you for becoming a member.

You're not logged in!

Compare scores with friends on all Sporcle quizzes.
OR
Log In

Show Comments

Extras

Top Quizzes Today


Score Distribution

Your Account Isn't Verified!

In order to create a playlist on Sporcle, you need to verify the email address you used during registration. Go to your Sporcle Settings to finish the process.

Report this User

Report this user for behavior that violates our Community Guidelines.

Details: